00270nam a2200109Ia 4500008004100000040001200041082001400053100002100067245001600088260004300104300001300147200103s9999||||xx |||||||||||||| ||und|| aIMU-MPC aColumn-46 aRushbrook, Frank 0aFire Aboard bThe Technical Press Ltd., Londonc1961 axvi, 470